[Event "2nd American Continental (w)"]
[Site "San Cristobal VEN"]
[Date "2003.09.??"]
[Round "1.2"]
[White "Goletiani, Rusudan"]
[Black "Ortiz Aguirre, Nadya Karolina"]
[Result "1-0"]
[WhiteElo "2314"]
[BlackElo "2135"]
[EventDate "2003.09.06"]
[PlyCount "80"]

1.Nf3 Nf6 2.d4 g6 3.c4 Bg7 4.Nc3 d6 5.e4 O-O 6.Be2 e5 7.O-O Nc6 8.d5 Ne7 
9.Rb1 a5 10.a3 Nh5 11.b4 f5 12.c5 axb4 13.cxd6 cxd6 14.Rxb4 fxe4 15.Nxe4 
Nf4 16.Nfg5 h6 17.Ne6 Nxe6 18.dxe6 d5 19.Nc5 Nc6 20.Rg4 Rf6 21.Bd3 b6 22.
Nb3 e4 23.Bb5 Rxe6 24.Re1 Rd6 25.Rg3 Ba6 26.Bxa6 Rxa6 27.Qc2 Ne5 28.Nd4 
Nd3 29.Rxd3 exd3 30.Qxd3 Ra7 31.Bf4 Rf6 32.Be5 Re7 33.Re3 Qe8 34.Bxf6 Rxe3
35.fxe3 Bxf6 36.Nb5 Kg7 37.Nc7 Qe4 38.Qxe4 dxe4 39.Kf2 Kf7 40.Ke2 Bd8 1-0

[Event "2nd American Continental (w)"]
[Site "San Cristobal VEN"]
[Date "2003.09.??"]
[Round "1.3"]
[White "Mazariegos Kummerfeldt, Silvia Carolina"]
[Black "Fierro Baquero, Martha"]
[Result "0-1"]
[WhiteElo "2132"]
[BlackElo "2313"]
[EventDate "2003.09.06"]
[PlyCount "120"]

1.e4 d5 2.exd5 Qxd5 3.Nc3 Qa5 4.d4 c6 5.Nf3 Nf6 6.Bc4 Bf5 7.Ne5 e6 8.g4 
Bg6 9.h4 Bd6 10.h5 Be4 11.Rh3 Bd5 12.Bd3 Nbd7 13.g5 Bxe5 14.dxe5 Ne4 15.
Bxe4 Bxe4 16.Qd6 Bxc2 17.Bf4 Qc5 18.Qd2 Bf5 19.Re3 Nb6 20.b3 Rd8 21.Qb2 
Qb4 22.Rf3 Nc4 23.Qc1 Na3 24.Bg3 Nc2+ 25.Kf1 Nxa1 26.Qxa1 Rd3 27.Re3 Rxe3 
28.fxe3 Qg4 29.Kf2 Qxg5 30.Qd1 O-O 31.Bf4 Qh4+ 32.Bg3 Qb4 33.Qd4 Qxd4 34.
exd4 Rd8 35.Ke3 h6 36.Ne2 Bg4 37.Nf4 b6 38.b4 a5 39.Be1 axb4 40.Bxb4 Ra8 
41.a3 Rc8 42.Bd6 Ra8 43.Bb4 Kh7 44.Bd6 c5 45.dxc5 Rxa3+ 46.Kd2 bxc5 47.
Bxc5 Ra4 48.Ke3 Ra1 49.Kf2 Rh1 50.Be3 Rb1 51.Bc5 g5 52.hxg6+ fxg6 53.Ng2 
g5 54.Bd4 Kg6 55.Ne3 Bf5 56.Bc5 h5 57.Be7 Rb2+ 58.Kg1 h4 59.Bf6 Be4 60.Nc4
Rg2+ 0-1

[Event "2nd American Continental (w)"]
[Site "San Cristobal VEN"]
[Date "2003.09.??"]
[Round "1.4"]
[White "Belakovskaia, Anjelina"]
[Black "Zapata Campos, Karen"]
[Result "0-1"]
[WhiteElo "2291"]
[BlackElo "2096"]
[EventDate "2003.09.06"]
[PlyCount "138"]

1.c4 c5 2.Nc3 Nc6 3.g3 e6 4.Bg2 Nf6 5.e3 d5 6.d3 dxc4 7.Bxc6+ bxc6 8.dxc4 
Qxd1+ 9.Kxd1 e5 10.e4 Be6 11.b3 O-O-O+ 12.Kc2 Be7 13.f3 Ne8 14.Be3 Nc7 15.
Nge2 Bh3 16.Rhd1 Ne6 17.Ng1 Bg2 18.Rd2 Rxd2+ 19.Kxd2 Nd4 20.Bxd4 cxd4 21.
Nd1 g5 22.Nf2 h5 23.Nd3 f6 24.Ke2 g4 25.Kf2 gxf3 26.Nxf3 Bxf3 27.Kxf3 Kd7 
28.b4 Rb8 29.Rb1 Ke6 30.a4 f5 31.b5 Bd6 32.h3 fxe4+ 33.Kxe4 Rg8 34.Rg1 
cxb5 35.cxb5 Rc8 36.Rc1 Rg8 37.Rg1 Rc8 38.Rc1 Rc3 39.Rxc3 dxc3 40.Ne1 Bc7 
41.Nc2 Ba5 42.Ne3 Bb4 43.Kd3 Kd6 44.Nd1 e4+ 45.Kc2 Ke5 46.Nxc3 Kd4 47.Ne2+
Ke3 48.Kd1 Kf3 49.Nd4+ Kxg3 50.Ke2 Kxh3 51.Nc6 Bc5 52.a5 Kg2 53.Nxa7 h4 
54.b6 h3 55.Nb5 h2 56.b7 h1=Q 57.b8=Q Qf1+ 58.Kd2 Qd3+ 59.Kc1 Qc4+ 60.Kb2 
e3 61.Qe8 e2 62.Qg6+ Kf3 63.Qf5+ Ke3 64.Qe5+ Kf3 65.Qf5+ Ke3 66.Qe5+ Kd3 
67.Qf5+ Kd2 68.Qg5+ Be3 69.Qd8+ Qd3 0-1

[Event "2nd American Continental (w)"]
[Site "San Cristobal VEN"]
[Date "2003.09.??"]
[Round "1.5"]
[White "Ubaldo Suarez, Maria Gisela"]
[Black "Pina Vega, Sulennis"]
[Result "0-1"]
[WhiteElo "2090"]
[BlackElo "2286"]
[EventDate "2003.09.06"]
[PlyCount "52"]

1.d4 Nf6 2.Nf3 d6 3.c4 g6 4.Nc3 Bg7 5.Bg5 h6 6.Bh4 O-O 7.e4 Nbd7 8.Be2 c6 
9.O-O Qe8 10.Qd2 e5 11.d5 c5 12.Ne1 a6 13.Bg3 Nh7 14.f4 f5 15.Nd3 exf4 16.
Nxf4 Ne5 17.Bd3 g5 18.Ne6 Bxe6 19.dxe6 f4 20.e7 Qxe7 21.Nd5 Qd8 22.Be1 Nf6
23.Nxf6+ Qxf6 24.Be2 Nc6 25.Qd5+ Qf7 26.Qxd6 Rad8 0-1

[Event "2nd American Continental (w)"]
[Site "San Cristobal VEN"]
[Date "2003.09.??"]
[Round "1.6"]
[White "Vasquez Ramirez, Rocio"]
[Black "Chaves, Joara"]
[Result "1-0"]
[WhiteElo "2269"]
[BlackElo "2083"]
[EventDate "2003.09.06"]
[PlyCount "105"]

1.e4 e5 2.Nf3 Nc6 3.Bb5 a6 4.Ba4 Nf6 5.O-O Be7 6.d3 b5 7.Bb3 d6 8.c3 O-O 
9.h3 Na5 10.Bc2 c5 11.d4 Nd7 12.Re1 Bf6 13.dxc5 dxc5 14.Nbd2 Nc6 15.Nf1 
Ne7 16.Qd6 Ng6 17.Be3 Be7 18.Qc6 Qb6 19.Qxb6 Nxb6 20.Ng3 Nc4 21.Bc1 Rd8 
22.b3 Na5 23.Be3 Nc6 24.Rad1 Be6 25.Nf5 Bf8 26.Ng5 Bc8 27.g3 h6 28.Nf3 Be6
29.h4 Rxd1 30.Rxd1 Rd8 31.Rxd8 Nxd8 32.h5 Nh8 33.Nxe5 Kh7 34.Nd3 g6 35.Nh4
c4 36.hxg6+ fxg6 37.Nc5 cxb3 38.axb3 Bc8 39.e5 Ne6 40.Ne4 Kg7 41.f4 Nf7 
42.Nxg6 Kxg6 43.Nd6+ Kh5 44.Bd1+ Kg6 45.f5+ Kh7 46.Nxc8 Neg5 47.e6 Nd6 48.
e7 Bxe7 49.Nxe7 Nge4 50.Bc2 Kg7 51.Nd5 Nxg3 52.Nb4 Kf7 53.Bxh6 1-0

[Event "2nd American Continental (w)"]
[Site "San Cristobal VEN"]
[Date "2003.09.??"]
[Round "1.7"]
[White "Diaz Patete, Milagros"]
[Black "Lujan, Carolina"]
[Result "1/2-1/2"]
[WhiteElo "2053"]
[BlackElo "2263"]
[EventDate "2003.09.06"]
[PlyCount "87"]

1.e4 c5 2.Nf3 e6 3.d4 cxd4 4.Nxd4 a6 5.c4 Nf6 6.Nc3 Qc7 7.Be2 Nc6 8.O-O 
Ne5 9.b3 b5 10.f4 Nc6 11.Nxc6 dxc6 12.e5 b4 13.exf6 Qa7+ 14.Kh1 bxc3 15.
Qd3 gxf6 16.Qxc3 Be7 17.Bb2 c5 18.Qg3 Bb7 19.Rad1 Kf8 20.Qh4 Rg8 21.Qh6+ 
Ke8 22.Bf3 Bxf3 23.Rxf3 Rd8 24.Rxd8+ Bxd8 25.Qxh7 Kf8 26.Qh6+ Ke8 27.Qh7 
Kf8 28.Rd3 Be7 29.Rg3 Rxg3 30.hxg3 Ke8 31.Qg8+ Bf8 32.Bxf6 Qd7 33.Qg4 Qd3 
34.Qf3 Qh7+ 35.Bh4 f6 36.Qc6+ Kf7 37.Kg1 Qb1+ 38.Kh2 Qxa2 39.Qb7+ Be7 40.
g4 Qe2 41.Qf3 Qc2 42.g5 fxg5 43.fxg5+ Kg6 44.Kh3 1/2-1/2

[Event "2nd American Continental (w)"]
[Site "San Cristobal VEN"]
[Date "2003.09.??"]
[Round "1.8"]
[White "Ramon Pita, Vivian"]
[Black "Sequeda Mendoza, Nancy"]
[Result "1-0"]
[WhiteElo "2225"]
[BlackElo "2053"]
[EventDate "2003.09.06"]
[PlyCount "131"]

1.d4 d5 2.Nf3 Nf6 3.e3 c5 4.b3 e6 5.Bb2 Nc6 6.Nbd2 a6 7.Ne5 cxd4 8.exd4 g6
9.Be2 Bg7 10.O-O O-O 11.c4 Nd7 12.f4 f6 13.cxd5 Ndxe5 14.dxc6 Nxc6 15.Nf3 
b5 16.a4 b4 17.Rc1 Bb7 18.Bc4 Qd6 19.Kh1 Na5 20.Qe2 Rfe8 21.Nd2 f5 22.Nf3 
Nxc4 23.bxc4 a5 24.Ne5 Be4 25.c5 Qc7 26.Nc4 Bf8 27.Nb6 Ra7 28.Qb5 Bc6 29.
Qc4 Qb7 30.Rc2 Qa6 31.Qxa6 Rxa6 32.Re1 Kf7 33.Kg1 Ra7 34.Rce2 Be4 35.Nc4 
Rc8 36.Bc1 Be7 37.Be3 Kf8 38.Nb6 Rc6 39.Bf2 Bd8 40.Rd2 Bc7 41.g3 Bd5 42.
Nxd5 exd5 43.Rde2 Ra8 44.Re7 h5 45.Rh7 Bd8 46.Rd7 Rb8 47.Rxd5 b3 48.Rb1 
Bf6 49.Kf1 Rb4 50.Ke2 Be7 51.Kd3 Rc8 52.Be1 Rxa4 53.Rxb3 Ra2 54.Bd2 Rc7 
55.h3 Kf7 56.Re5 Bf6 57.Re3 Ra4 58.Bc3 Ra2 59.Rb5 a4 60.Kc4 Ra7 61.c6 Bd8 
62.d5 Rc2 63.Rb7+ Rxb7 64.cxb7 Bc7 65.Kb4 Rc1 66.Kxa4 1-0

[Event "2nd American Continental (w)"]
[Site "San Cristobal VEN"]
[Date "2003.09.??"]
[Round "2"]
[White "Arribas Robaina, Maritza"]
[Black "Ramon Pita, Vivian"]
[Result "1/2-1/2"]
[WhiteElo "2366"]
[BlackElo "2225"]
[EventDate "2003.09.06"]
[PlyCount "51"]

1.e4 c5 2.c3 Nf6 3.e5 Nd5 4.Nf3 e6 5.Bc4 Nb6 6.Bb3 d6 7.exd6 Bxd6 8.d4 O-O
9.O-O Qc7 10.Be3 c4 11.Bc2 Nd5 12.Nbd2 f5 13.Nb1 Nd7 14.a4 N7f6 15.Qe2 Bd7
16.Na3 Rac8 17.Bg5 a6 18.Rfe1 b5 19.axb5 axb5 20.Nb1 Ra8 21.Nbd2 h6 22.
Bxf6 Nxf6 23.Rxa8 Rxa8 24.b3 Rc8 25.bxc4 bxc4 26.Ra1 1/2-1/2

[Event "2nd American Continental (w)"]
[Site "San Cristobal VEN"]
[Date "2003.09.??"]
[Round "2"]
[White "Lujan, Carolina"]
[Black "Belakovskaia, Anjelina"]
[Result "0-1"]
[WhiteElo "2263"]
[BlackElo "2291"]
[EventDate "2003.09.06"]
[PlyCount "62"]

1.e4 e5 2.Nf3 Nc6 3.Bc4 Bc5 4.c3 Nf6 5.d3 d6 6.Bb3 a6 7.Nbd2 Be6 8.Nc4 Ba7
9.Ne3 h6 10.d4 exd4 11.cxd4 d5 12.exd5 Nxd5 13.O-O O-O 14.a3 Re8 15.h3 Qd7
16.Nc4 Nf6 17.Nce5 Nxe5 18.dxe5 Qxd1 19.Bxd1 Ne4 20.Bc2 Bd5 21.Bf4 g5 22.
Bh2 Rad8 23.Rad1 Bc6 24.e6 fxe6 25.Bxc7 Rxd1 26.Bxd1 Bb5 27.Bc2 Nxf2 28.
Ra1 Rc8 29.Bb3 Rxc7 30.Bxe6+ Kg7 31.Kh2 Rc2 0-1

[Event "2nd American Continental (w)"]
[Site "San Cristobal VEN"]
[Date "2003.09.??"]
[Round "2"]
[White "Fierro Baquero, Martha"]
[Black "Frometa Castillo, Zirka"]
[Result "0-1"]
[WhiteElo "2313"]
[BlackElo "2224"]
[EventDate "2003.09.06"]
[PlyCount "100"]

1.e4 d6 2.d4 Nf6 3.Nc3 g6 4.Nf3 Bg7 5.Bf4 O-O 6.Qd2 c6 7.O-O-O b5 8.Bd3 b4
9.Ne2 a5 10.Kb1 Na6 11.h4 Ng4 12.Ng3 e5 13.Bg5 Qb6 14.Be7 Re8 15.Bxd6 exd4
16.h5 c5 17.e5 Be6 18.hxg6 hxg6 19.Qf4 Nc7 20.Be4 Rad8 21.Rd2 Nb5 22.Rh4 
Nxd6 23.exd6 Nf6 24.Ng5 Qxd6 25.Qxd6 Rxd6 26.Rd1 Bd5 27.f3 Nxe4 28.N3xe4 
Bxe4 29.Nxe4 Rd5 30.g4 f5 31.gxf5 gxf5 32.Rh5 Rde5 33.Ng3 f4 34.Nf5 Rf8 
35.Nh6+ Kh7 36.Rxe5 Bxe5 37.Ng4 Bg7 38.Re1 c4 39.Re7 Kg6 40.Kc1 Rd8 41.Rc7
d3 42.Rxc4 d2+ 43.Kd1 Bxb2 44.Nf2 Bc3 45.Ne4 Bd4 46.Kxd2 Be3+ 47.Ke2 Kf5 
48.Rc6 Rd5 49.Ra6 Ke5 50.Ra8 Kd4 0-1

[Event "2nd American Continental (w)"]
[Site "San Cristobal VEN"]
[Date "2003.09.??"]
[Round "2"]
[White "Burijovich, Liliana"]
[Black "Goletiani, Rusudan"]
[Result "0-1"]
[WhiteElo "2195"]
[BlackElo "2314"]
[EventDate "2003.09.06"]
[PlyCount "110"]

1.d4 Nf6 2.c4 e6 3.Nc3 Bb4 4.Qc2 O-O 5.Bg5 b6 6.e3 Bb7 7.f3 h6 8.Bh4 c5 9.
Bd3 cxd4 10.exd4 d5 11.Ne2 dxc4 12.Bxc4 Nbd7 13.O-O Rc8 14.Qb3 Be7 15.Rac1
Nb8 16.Bxf6 Bxf6 17.d5 b5 18.Bxb5 exd5 19.Rfd1 Qb6+ 20.Kh1 d4 21.Na4 Qd6 
22.Rxc8 Rxc8 23.Bc4 Rc7 24.Ng3 Be5 25.Nf5 Qf6 26.Bd3 Qg5 27.Nc5 Rxc5 28.
Qxb7 Rc1 29.Qb3 Qd2 30.Rf1 Nd7 31.Qb5 Rxf1+ 32.Bxf1 Qf4 33.Ng3 Nf6 34.Bd3 
g6 35.Qc4 Kg7 36.b4 h5 37.Nf1 h4 38.Qc6 Nh5 39.Qe4 Qg5 40.Qg4 Qe7 41.Qe4 
Nf4 42.Bc4 Qc7 43.g3 Qxc4 44.Qxe5+ Kh7 45.Qe1 Nd3 46.Qe7 h3 47.Qe2 Qc3 48.
b5 Nc1 49.Qf2 Qd3 50.a4 Qd1 51.Kg1 Ne2+ 52.Kh1 d3 53.g4 d2 54.Qh4+ Kg7 55.
Qxh3 Nf4 0-1

[Event "2nd American Continental (w)"]
[Site "San Cristobal VEN"]
[Date "2003.09.??"]
[Round "2"]
[White "Pina Vega, Sulennis"]
[Black "Sanchez Castillo, Sarai"]
[Result "1-0"]
[WhiteElo "2286"]
[BlackElo "2180"]
[EventDate "2003.09.06"]
[PlyCount "87"]

1.g3 c5 2.Bg2 Nc6 3.e4 e6 4.d3 g6 5.Be3 d6 6.Qd2 Bg7 7.Nc3 Rb8 8.Nf3 Nd4 
9.Nd1 b6 10.O-O Bb7 11.Ne1 h6 12.c3 Nc6 13.f4 Nge7 14.d4 cxd4 15.cxd4 d5 
16.e5 h5 17.Nf3 Nf5 18.Bf2 Ba6 19.Re1 Bf8 20.Nc3 Rc8 21.Rec1 Na5 22.b3 Bb4
23.Qb2 O-O 24.Be1 Be7 25.Nd1 Nc6 26.b4 Bc4 27.Bc3 b5 28.a3 Qb6 29.Qf2 a5 
30.Qd2 axb4 31.axb4 Ra8 32.Bh3 Ng7 33.Ne3 Qb7 34.g4 Rxa1 35.Rxa1 Ra8 36.
Rxa8+ Qxa8 37.Nxc4 bxc4 38.b5 Na7 39.Bb4 Bd8 40.f5 hxg4 41.f6 gxf3 42.Qh6 
Bxf6 43.exf6 Nh5 44.Bxe6 1-0

[Event "2nd American Continental (w)"]
[Site "San Cristobal VEN"]
[Date "2003.09.??"]
[Round "2"]
[White "Mateus Urbano, Martha"]
[Black "Vasquez Ramirez, Rocio"]
[Result "0-1"]
[WhiteElo "2148"]
[BlackElo "2269"]
[EventDate "2003.09.06"]
[PlyCount "94"]

1.d4 d5 2.Nc3 Nf6 3.Bg5 e6 4.e4 Be7 5.e5 Nfd7 6.Bxe7 Qxe7 7.f4 a6 8.Nf3 c5
9.dxc5 Nc6 10.Bd3 Qxc5 11.Qe2 Qb4 12.Qd2 Qxb2 13.O-O Qb4 14.Rab1 Qc5+ 15.
Kh1 b5 16.a4 b4 17.Na2 Rb8 18.Qe2 Nb6 19.Ng5 g6 20.g4 Nd4 21.Qf2 Nxa4 22.
Qh4 Qe7 23.c3 Nb5 24.Nxb4 Bb7 25.Qh6 Qf8 26.Qh3 Naxc3 27.Rb2 h6 28.Nf3 d4 
29.Kg1 Na4 30.Rb3 Nc5 31.Bxb5+ axb5 32.Rb2 Na4 33.Rb3 Qc5 34.Nd3 Qc4 35.
Nd2 Qd5 36.Nf2 Nc3 37.Re1 Ra8 38.Nfe4 Kf8 39.Qh4 g5 40.Qh3 Ra2 41.fxg5 
Qxe5 42.Qg3 Qxg3+ 43.hxg3 hxg5 44.Rb4 f5 45.Nxc3 Rh1+ 46.Kf2 Rxd2+ 47.Ne2 
d3 0-1

[Event "2nd American Continental (w)"]
[Site "San Cristobal VEN"]
[Date "2003.09.??"]
[Round "2"]
[White "Chaves, Joara"]
[Black "Palao, Maricela"]
[Result "0-1"]
[WhiteElo "2083"]
[BlackElo "2138"]
[EventDate "2003.09.06"]
[PlyCount "86"]

1.e4 c5 2.Nc3 Nc6 3.f4 g6 4.Nf3 Bg7 5.g3 d6 6.Bg2 e6 7.O-O Nge7 8.d3 O-O 
9.Be3 Nd4 10.Qd2 d5 11.Nd1 b6 12.Qf2 Nec6 13.Ne1 dxe4 14.dxe4 Ba6 15.c3 
Nb5 16.Nc2 Rc8 17.Re1 Nd6 18.Na3 e5 19.Qc2 Bb7 20.Nf2 f5 21.Rad1 Qc7 22.
fxe5 Nxe5 23.Bf4 Rce8 24.Re2 Qc6 25.Red2 Nxe4 26.Nxe4 fxe4 27.Rd6 Qc8 28.
Bxe4 Nf3+ 29.Bxf3 Bxf3 30.Rf1 Rxf4 31.Qd3 Qh3 32.Qd2 Rff8 33.Rxf3 Rxf3 34.
Qd1 Rfe3 35.Rd8 Qe6 36.Nc2 Re4 37.h4 Rxd8 38.Qxd8+ Qe8 39.Qd3 Bh6 40.a4 
Re7 41.a5 Qd7 42.Qf3 Qd2 43.Qg2 Qxg2+ 0-1

[Event "2nd American Continental (w)"]
[Site "San Cristobal VEN"]
[Date "2003.09.??"]
[Round "2"]
[White "Sequeda Mendoza, Nancy"]
[Black "Mazariegos Kummerfeldt, Silvia Carolina"]
[Result "0-1"]
[WhiteElo "2053"]
[BlackElo "2132"]
[EventDate "2003.09.06"]
[PlyCount "80"]

1.e4 Nc6 2.Nf3 d5 3.exd5 Qxd5 4.Nc3 Qd6 5.d4 Bg4 6.Nb5 Qe6+ 7.Be2 O-O-O 8.
Bf4 a6 9.Nxc7 Qe4 10.Bg3 Bxf3 11.gxf3 Qxd4 12.Qxd4 Nxd4 13.Kf1 Nf5 14.Na8 
Nxg3+ 15.fxg3 Rd6 16.Rd1 Rc6 17.Kf2 e6 18.a4 Nf6 19.a5 Bc5+ 20.Kg2 Nd5 21.
Kh3 h5 22.Nb6+ Bxb6 23.axb6 h4 24.Bd3 hxg3+ 25.Kxg3 Rxb6 26.b3 g5 27.h4 
Ne3 28.hxg5 Rg8 29.Rdg1 Rc6 30.c4 Rd6 31.Be4 f5 32.Kf4 fxe4 33.Kxe3 exf3 
34.g6 Rd7 35.Kxf3 Rdg7 36.Rh6 Kd7 37.Rh7 Ke7 38.Ke4 Kf6 39.Rxg7 Rxg7 40.b4
Rxg6 0-1

[Event "2nd American Continental (w)"]
[Site "San Cristobal VEN"]
[Date "2003.09.??"]
[Round "2"]
[White "Zapata Campos, Karen"]
[Black "Diaz Patete, Milagros"]
[Result "1-0"]
[WhiteElo "2096"]
[BlackElo "2053"]
[EventDate "2003.09.06"]
[PlyCount "90"]

1.e4 c5 2.Nc3 Nc6 3.g3 g6 4.Bg2 Bg7 5.d3 e6 6.Be3 d6 7.f4 Nge7 8.Nf3 O-O 
9.O-O Rb8 10.Qd2 b5 11.e5 Nd5 12.Ne4 Nxe3 13.Qxe3 dxe5 14.Qxc5 Qd5 15.Nxe5
Qxc5+ 16.Nxc5 Nxe5 17.fxe5 Bxe5 18.c3 b4 19.d4 Bg7 20.Rf2 Rb6 21.Rd1 Bh6 
22.Kh1 e5 23.Re1 bxc3 24.bxc3 exd4 25.cxd4 Bg7 26.Rd1 Bg4 27.Bf3 Bxf3+ 28.
Rxf3 Rd8 29.d5 Rb5 30.Rc1 Rxd5 31.Ne4 Rd8 32.Rc7 Rb2 33.Rf1 f5 34.Ng5 Rdd2
35.Rc8+ Bf8 36.Re1 Rxh2+ 37.Kg1 Rbe2 38.Rxe2 Rxe2 39.Kf1 Re7 40.a4 h6 41.
Nf3 Kf7 42.a5 g5 43.Nd4 f4 44.gxf4 gxf4 45.Nf3 Rb7 1-0

[Event "2nd American Continental (w)"]
[Site "San Cristobal VEN"]
[Date "2003.09.??"]
[Round "3"]
[White "Vasquez Ramirez, Rocio"]
[Black "Arribas Robaina, Maritza"]
[Result "0-1"]
[WhiteElo "2269"]
[BlackElo "2366"]
[EventDate "2003.09.06"]
[PlyCount "144"]

1.e4 d6 2.Nf3 Bg4 3.Be2 Nf6 4.Nc3 e5 5.d4 Nbd7 6.O-O Be7 7.b3 O-O 8.Bb2 c6
9.Re1 Re8 10.Qd2 Qc7 11.h3 Bxf3 12.Bxf3 Nf8 13.Ne2 Rad8 14.Ng3 Ne6 15.Nf5 
Bf8 16.Rad1 c5 17.d5 Nf4 18.g3 Ng6 19.c4 h6 20.Bg2 Kh7 21.Bc1 Ng8 22.h4 
Nh8 23.Bh3 g6 24.Ne3 Bg7 25.Qe2 Qe7 26.h5 Nf6 27.hxg6+ fxg6 28.Ng4 Nh5 29.
Nh2 Rf8 30.Kg2 Bf6 31.Bg4 Ng7 32.Rh1 h5 33.Nf1 Kg8 34.Bf3 Nf7 35.Qd3 Bg5 
36.Ne3 Qf6 37.Rdf1 Rd7 38.Be2 Nh6 39.Bb2 Qd8 40.Nd1 Rdf7 41.Bc3 Ne8 42.f3 
Rh7 43.Nf2 Nf7 44.Nh3 Bf6 45.f4 Qe7 46.f5 gxf5 47.Rxf5 Nh6 48.Rf3 Rg7 49.
Bd2 Ng4 50.Nf2 h4 51.Nxg4 Rxg4 52.Be1 Rg6 53.Kf1 Bg5 54.gxh4 Bf4 55.h5 Qh7
56.Bd2 Rg5 57.Bxf4 exf4 58.Ke1 Qg7 59.Kd2 Rg2 60.Kc2 Qe5 61.Rhf1 Qxh5 62.
R1f2 Rxf2 63.Rxf2 Qe5 64.Bg4 Ng7 65.Rg2 Rf6 66.Bf3 Rh6 67.Qf1 Kf8 68.Rf2 
Ne8 69.Qd3 Nf6 70.Qc3 Rh3 71.Qxe5 dxe5 72.Kd3 Ng4 0-1

[Event "2nd American Continental (w)"]
[Site "San Cristobal VEN"]
[Date "2003.09.??"]
[Round "3"]
[White "Ramon Pita, Vivian"]
[Black "Fierro Baquero, Martha"]
[Result "1-0"]
[WhiteElo "2225"]
[BlackElo "2313"]
[EventDate "2003.09.06"]
[PlyCount "107"]

1.d4 g6 2.g3 Bg7 3.Bg2 Nf6 4.e4 d6 5.Nc3 O-O 6.Nge2 e5 7.O-O c6 8.h3 b5 9.
a3 Bb7 10.dxe5 dxe5 11.Be3 Qc7 12.g4 Nbd7 13.Ng3 Nb6 14.b3 Nfd7 15.Qe2 
Rfd8 16.a4 b4 17.Na2 a5 18.Rfd1 Nf8 19.Rac1 Ne6 20.c3 bxc3 21.Nxc3 Nd4 22.
Qb2 Qe7 23.Nce2 c5 24.Nc3 Ba6 25.Qa3 Bf8 26.Nd5 Qb7 27.Bxd4 cxd4 28.Qa2 
Rac8 29.Nf6+ Kg7 30.g5 Rxc1 31.Rxc1 Be7 32.Qd2 Bb4 33.Qd1 Rc8 34.Rb1 Be7 
35.Nf5+ gxf5 36.exf5 Qc7 37.Qh5 Bxf6 38.Qh6+ Kh8 39.Qxf6+ Kg8 40.Qh6 f6 
41.Qxf6 Re8 42.g6 Re7 43.Qg5 hxg6 44.Rc1 Qd7 45.Rc6 d3 46.Rxb6 d2 47.Rxg6+
Rg7 48.Bd5+ Kf8 49.Qxd2 Rxg6+ 50.fxg6 Qxh3 51.Bg2 Qe6 52.Qh6+ Ke7 53.Qh7+ 
Kf6 54.g7 1-0

[Event "2nd American Continental (w)"]
[Site "San Cristobal VEN"]
[Date "2003.09.??"]
[Round "3"]
[White "Frometa Castillo, Zirka"]
[Black "Pina Vega, Sulennis"]
[Result "1/2-1/2"]
[WhiteElo "2224"]
[BlackElo "2286"]
[EventDate "2003.09.06"]
[PlyCount "99"]

1.d4 g6 2.Bf4 Bg7 3.e3 d6 4.Nf3 Nd7 5.c3 e5 6.dxe5 dxe5 7.Bg3 Ne7 8.Nbd2 
Nf5 9.Qc2 Qe7 10.Be2 Nc5 11.b4 Nxg3 12.hxg3 Ne6 13.e4 O-O 14.Nc4 Ng5 15.
Ne3 Nxf3+ 16.gxf3 c6 17.Kf1 Be6 18.Kg2 Rfd8 19.Bc4 a5 20.a3 axb4 21.axb4 
Rxa1 22.Rxa1 Bh6 23.Bxe6 Qxe6 24.Rd1 Rxd1 25.Nxd1 Bg5 26.Nb2 h5 27.c4 h4 
28.Qc3 f5 29.Nd3 fxe4 30.fxe4 Bf6 31.Nc5 Qe7 32.Qd3 hxg3 33.fxg3 Kg7 34.
Qd7 b6 35.Ne6+ Kh6 36.Qxe7 Bxe7 37.b5 c5 38.Nc7 Kg7 39.Kf3 Kf7 40.Nd5 Bd8 
41.Kg4 Ke6 42.Nc3 Be7 43.Ne2 Bd8 44.Ng1 Be7 45.Nf3 Bd8 46.Ng5+ Kd7 47.Nh7 
Be7 48.Ng5 Bf6 49.Nf7 Ke6 50.Ng5+ 1/2-1/2

[Event "2nd American Continental (w)"]
[Site "San Cristobal VEN"]
[Date "2003.09.??"]
[Round "3"]
[White "Belakovskaia, Anjelina"]
[Black "Ortiz Aguirre, Nadya Karolina"]
[Result "1-0"]
[WhiteElo "2291"]
[BlackElo "2135"]
[EventDate "2003.09.06"]
[PlyCount "61"]

1.d4 Nf6 2.c4 g6 3.Nc3 Bg7 4.e4 d6 5.f4 O-O 6.Be2 c5 7.d5 b5 8.cxb5 a6 9.
a4 axb5 10.Bxb5 Ba6 11.Bd2 e6 12.dxe6 fxe6 13.Nf3 Qb6 14.e5 Nd5 15.O-O 
Nxc3 16.bxc3 Bxb5 17.Rb1 Bxa4 18.Rxb6 Bxd1 19.Rxd1 dxe5 20.fxe5 Nd7 21.
Rxe6 Rae8 22.Rxe8 Rxe8 23.Bf4 g5 24.Rxd7 gxf4 25.Rd5 c4 26.Rc5 Ra8 27.Rxc4
Ra1+ 28.Kf2 Ra2+ 29.Kf1 Rc2 30.Rc5 h6 31.Nd4 1-0

[Event "2nd American Continental (w)"]
[Site "San Cristobal VEN"]
[Date "2003.09.??"]
[Round "3"]
[White "Goletiani, Rusudan"]
[Black "Zapata Campos, Karen"]
[Result "1-0"]
[WhiteElo "2314"]
[BlackElo "2096"]
[EventDate "2003.09.06"]
[PlyCount "27"]

1.Nf3 c5 2.b3 Nc6 3.Bb2 d5 4.e3 Nf6 5.Bb5 e6 6.Ne5 Qc7 7.O-O Bd6 8.f4 O-O 
9.Nxc6 bxc6 10.Bxf6 cxb5 11.Qg4 g6 12.Qh4 Re8 13.Rf3 Be7 14.Qxh7+ 1-0

[Event "2nd American Continental (w)"]
[Site "San Cristobal VEN"]
[Date "2003.09.??"]
[Round "3"]
[White "Ubaldo Suarez, Maria Gisela"]
[Black "Lujan, Carolina"]
[Result "1-0"]
[WhiteElo "2090"]
[BlackElo "2263"]
[EventDate "2003.09.06"]
[PlyCount "85"]

1.d4 d5 2.Nf3 Nf6 3.c4 dxc4 4.Nc3 c5 5.e3 e6 6.Bxc4 a6 7.O-O Qc7 8.Qe2 Nc6
9.Rd1 Bd6 10.h3 O-O 11.a3 b5 12.dxc5 Bxc5 13.Bd3 Bb7 14.b4 Bd6 15.Bb2 Ne7 
16.Rac1 Qb6 17.Ng5 Ng6 18.Nce4 Nxe4 19.Nxe4 Be5 20.Nc5 Bxb2 21.Qxb2 Bc6 
22.Qe2 Rac8 23.Qg4 f5 24.Qg5 Rf6 25.Be2 Qa7 26.Rd6 Qe7 27.Rcd1 Ne5 28.Qf4 
Ng6 29.Qd4 Bd5 30.Rxa6 Rcf8 31.Bxb5 f4 32.e4 f3 33.g3 Nf4 34.exd5 Nxh3+ 
35.Kf1 Rh6 36.Rxe6 Qg5 37.Rxh6 Qxh6 38.Ke1 Ng5 39.Qe3 Qg6 40.Ne6 Rb8 41.
Qxg5 Qe4+ 42.Kf1 g6 43.Bd3 1-0

[Event "2nd American Continental (w)"]
[Site "San Cristobal VEN"]
[Date "2003.09.??"]
[Round "3"]
[White "Palao, Maricela"]
[Black "Burijovich, Liliana"]
[Result "0-1"]
[WhiteElo "2138"]
[BlackElo "2195"]
[EventDate "2003.09.06"]
[PlyCount "104"]

1.d4 Nf6 2.Nf3 g6 3.c4 Bg7 4.Nc3 O-O 5.Bf4 d6 6.h3 Nfd7 7.e3 e5 8.Bh2 Nc6 
9.Be2 Kh8 10.O-O f5 11.dxe5 dxe5 12.Qd5 Qe7 13.Rad1 h6 14.Qd2 a5 15.Nd5 
Qd8 16.b3 g5 17.a3 Ne7 18.Nc3 Ng6 19.Nb5 Kh7 20.Qc2 b6 21.Rd2 Bb7 22.Rfd1 
Bc6 23.b4 axb4 24.axb4 Qc8 25.Nc3 Rf7 26.b5 Bb7 27.Ne1 Nc5 28.Bh5 Ne4 29.
Nxe4 Bxe4 30.Qc3 f4 31.c5 Bf5 32.e4 Be6 33.Nf3 Qh8 34.cxb6 cxb6 35.Rd6 Re7
36.Rxb6 Rb8 37.Qc5 Rxb6 38.Qxb6 Qc8 39.Qd6 Rd7 40.Bxg6+ Kh8 41.g4 Rxd6 42.
Rxd6 Bf6 43.b6 Be7 44.Rd1 Kg7 45.Bf5 Qc2 46.Rd2 Qb1+ 47.Kg2 Bxf5 48.exf5 
e4 49.Ne5 Qxb6 50.Ng6 f3+ 51.Kh1 Qb1+ 52.Bg1 Qf1 0-1

[Event "2nd American Continental (w)"]
[Site "San Cristobal VEN"]
[Date "2003.09.??"]
[Round "3"]
[White "Mazariegos Kummerfeldt, Silvia Carolina"]
[Black "Mateus Urbano, Martha"]
[Result "0-1"]
[WhiteElo "2132"]
[BlackElo "2148"]
[EventDate "2003.09.06"]
[PlyCount "90"]

1.Nf3 d5 2.d4 Nf6 3.e3 e6 4.Bd3 Nbd7 5.c3 c5 6.Nbd2 Be7 7.O-O O-O 8.Re1 
Qc7 9.Ng5 h6 10.Nh3 e5 11.f4 e4 12.Be2 c4 13.Nf1 b5 14.Kh1 Nb6 15.Nf2 a5 
16.g4 Nh7 17.Ng3 b4 18.Rg1 Kh8 19.Qf1 bxc3 20.bxc3 Na4 21.Bd2 Rb8 22.Nf5 
Ba3 23.Nd1 Bxf5 24.gxf5 Qd7 25.Qg2 Rg8 26.Bg4 Nf6 27.Bh3 Rb6 28.Be1 Qb7 
29.Bh4 Ne8 30.Qc2 Nb2 31.Nf2 f6 32.Rg6 Nd3 33.Ng4 Rb2 34.Qd1 Kh7 35.Qg1 
Qf7 36.Rb1 Nd6 37.Rxb2 Bxb2 38.Bxf6 Nxf5 39.Ne5 Nxe5 40.fxe5 Qxg6 41.Qf2 
Nxe3 42.Be7 Bc1 43.Bd6 Qh5 44.Be6 Qd1+ 45.Qg1 Qf3+ 0-1

[Event "2nd American Continental (w)"]
[Site "San Cristobal VEN"]
[Date "2003.09.??"]
[Round "4"]
[White "Pina Vega, Sulennis"]
[Black "Goletiani, Rusudan"]
[Result "1/2-1/2"]
[WhiteElo "2286"]
[BlackElo "2314"]
[EventDate "2003.09.06"]
[PlyCount "31"]

1.e4 c5 2.Nf3 e6 3.c4 a6 4.Nc3 d6 5.g3 e5 6.d3 Nc6 7.Bg2 g6 8.Nd5 Bg7 9.
Bg5 f6 10.Be3 Nge7 11.Qd2 Nxd5 12.cxd5 Ne7 13.O-O O-O 14.b4 b6 15.bxc5 
bxc5 16.Rab1 1/2-1/2

[Event "2nd American Continental (w)"]
[Site "San Cristobal VEN"]
[Date "2003.09.??"]
[Round "4"]
[White "Arribas Robaina, Maritza"]
[Black "Frometa Castillo, Zirka"]
[Result "1/2-1/2"]
[WhiteElo "2366"]
[BlackElo "2224"]
[EventDate "2003.09.06"]
[PlyCount "88"]

1.e4 d6 2.d4 Nf6 3.Nc3 g6 4.Bg5 Bg7 5.Qd2 h6 6.Be3 c6 7.f3 b5 8.Bd3 a6 9.
Nge2 Nbd7 10.O-O Qc7 11.a4 b4 12.Nd1 c5 13.Ng3 c4 14.Be2 a5 15.Nf2 Bb7 16.
Rae1 Nb6 17.b3 Rc8 18.d5 Nfd7 19.Bd4 Bxd4 20.Qxd4 f6 21.f4 cxb3 22.cxb3 
Qc3 23.Qxc3 Rxc3 24.Rb1 Nc5 25.Bd1 Ba6 26.Re1 Kf7 27.f5 g5 28.Rc1 Rxc1 29.
Bh5+ Kg7 30.Rxc1 Rc8 31.Bd1 Ncd7 32.Rxc8 Nxc8 33.Ne2 Bxe2 34.Bxe2 Nc5 35.
Bd1 Nb6 36.Kf1 Nbd7 37.Ke2 Ne5 38.Ke3 h5 39.Kd4 g4 40.Ke3 Kh6 41.Kf4 Ncd3+
42.Nxd3 Nxd3+ 43.Ke3 Ne5 44.Kf4 Nd3+ 1/2-1/2